[Event "Porto San Giorgio op"]
[Site "Porto San Giorgio"]
[Date "2019.08.25"]
[Round "3"]
[White "Medici, Simone"]
[Black "Bruno, Fabio"]
[Result "1/2-1/2"]
[WhiteElo "2201"]
[BlackElo "2440"]
[PlyCount "85"]
[EventDate "2019.08.24"]
[EventType "swiss"]
[EventRounds "9"]
[EventCountry "ITA"]
[SourceTitle "EXT 2020"]
[Source "ChessBase"]
[SourceDate "2019.10.17"]
[SourceVersion "1"]
[SourceVersionDate "2019.10.17"]
[SourceQuality "1"]

1. d4 d5 2. c4 c6 3. Nf3 e6 4. e3 Bd6 5. Nbd2 f5 6. Bd3 Nf6 7. c5 Bc7 8. b4 Nbd7 9. Bb2 0-0 10. 0-0 Qe7 11. Qc2 Ne4 12. Ne5 Nxe5 13. dxe5 Bd7 14. f3 Ng5 15. g3 h6 16. h4 Nh7 17. f4 g6 18. Nf3 Rf7 19. Kf2 Rg7 20. Rh1 Kf7 21. Rag1 Rag8 22. g4 h5 23. gxh5 gxh5 24. Ng5+ Kf8 25. Be2 Be8 26. Qd1 Nxg5 27. hxg5 Rh8 28. Bxh5 Bxh5 29. Rxh5 Rgh7 30. Rgh1 Qf7 31. Rxh7 Rxh7 32. a4 Kg8 33. Qg1 Rxh1 34. Qxh1 Qh7 35. Qxh7+ Kxh7 36. Ke2 Kg6 37. Kd3 a6 38. Bd4 Bd8 39. Kc2 Bc7 40. Bc3 Bd8 41. Kb3 Bc7 42. b5 Bd8 43. Kb4 1/2-1/2

[Event "WchT Seniors 50"]
[Site "Rhodes"]
[Date "2019.04.23"]
[Round "8.2"]
[White "Bruno, Fabio"]
[Black "Maier, Christian"]
[Result "1-0"]
[WhiteElo "2433"]
[BlackElo "2325"]
[PlyCount "53"]
[EventDate "2019.04.16"]
[EventType "team-swiss"]
[EventRounds "9"]
[EventCountry "GRE"]
[SourceTitle "CBM 190 Extra"]
[Source "ChessBase"]
[SourceDate "2019.07.15"]
[SourceVersion "1"]
[SourceVersionDate "2019.07.15"]
[SourceQuality "1"]
[WhiteTeam "Italy"]
[BlackTeam "Germany"]
[WhiteTeamCountry "ITA"]
[BlackTeamCountry "GER"]

1. d4 Nf6 2. Nf3 e6 3. e3 d5 4. Bd3 c5 5. c3 Nc6 6. Nbd2 Bd6 7. dxc5 Bxc5 8. b4 Bd6 9. Bb2 0-0 10. a3 e5 11. e4 dxe4 12. Nxe4 Nxe4 13. Bxe4 Qe7 14. 0-0 f5 15. Bd5+ Kh8 16. Re1 e4 17. c4 Bd7 18. Qd2 Rad8 19. Rad1 Be8 20. Ng5 Bh5 21. Ne6 Ne5 22. f4 exf3 23. Bxe5 Bxe5 24. Rxe5 f2+ 25. Kxf2 Bxd1 26. Qxd1 Rde8 27. Qh5 1-0

[Event "WchT Seniors 50"]
[Site "Rhodes"]
[Date "2019.04.20"]
[Round "5.1"]
[White "Ehlvest, Jaan"]
[Black "Bruno, Fabio"]
[Result "1/2-1/2"]
[WhiteElo "2521"]
[BlackElo "2433"]
[PlyCount "78"]
[EventDate "2019.04.16"]
[EventType "team-swiss"]
[EventRounds "9"]
[EventCountry "GRE"]
[SourceTitle "CBM 190 Extra"]
[Source "ChessBase"]
[SourceDate "2019.07.15"]
[SourceVersion "1"]
[SourceVersionDate "2019.07.15"]
[SourceQuality "1"]
[WhiteTeam "United States"]
[BlackTeam "Italy"]
[WhiteTeamCountry "USA"]
[BlackTeamCountry "ITA"]

1. e4 e6 2. d4 d5 3. exd5 exd5 4. Nf3 Nf6 5. Bd3 Be7 6. h3 0-0 7. 0-0 Re8 8. Re1 Nbd7 9. Bf4 Nf8 10. Nbd2 Ne6 11. Be5 g6 12. Nf1 Ng7 13. Ne3 c6 14. c3 Be6 15. Bh2 Bf8 16. a4 Re7 17. Ne5 Nd7 18. Nf3 Ne8 19. Bg3 Bg7 20. Qb3 Ndf6 21. Bh4 Nd6 22. Ne5 Re8 23. N3g4 h5 24. Ne3 Qc8 25. Qc2 c5 26. Qe2 Qc7 27. Bg3 Nfe4 28. Bh2 cxd4 29. cxd4 Qb6 30. Red1 a5 31. f3 Nf6 32. Kh1 Rac8 33. Bb1 Nc4 34. N3xc4 dxc4 35. Be4 Red8 36. Bg1 Qb4 37. Bf2 Bd5 38. Bh4 Rd6 39. Rac1 Qb3 1/2-1/2

[Event "EU-ch Seniors 50 19th"]
[Site "Rhodes"]
[Date "2019.04.13"]
[Round "8"]
[White "Bruno, Fabio"]
[Black "Danielsen, Henrik"]
[Result "0-1"]
[WhiteElo "2433"]
[BlackElo "2499"]
[PlyCount "68"]
[EventDate "2019.04.06"]
[EventType "swiss"]
[EventRounds "9"]
[EventCountry "GRE"]
[SourceTitle "CBM 189 Extra"]
[Source "ChessBase"]
[SourceDate "2019.06.03"]
[SourceVersion "1"]
[SourceVersionDate "2019.06.03"]
[SourceQuality "1"]

1. d4 g6 2. Nf3 Bg7 3. g3 b6 4. Bg2 Bb7 5. 0-0 Nf6 6. c4 0-0 7. Nc3 Ne4 8. Nxe4 Bxe4 9. Bg5 c5 10. Qd2 cxd4 11. Nxd4 Bxg2 12. Kxg2 Qc8 13. Rac1 Nc6 14. Nf3 d6 15. b3 Qb7 16. Bh6 Bxh6 17. Qxh6 Ne5 18. Rcd1 Ng4 19. Qh4 Nf6 20. Rd4 Kg7 21. Rfd1 Rac8 22. Kg1 Rc5 23. R4d3 b5 24. cxb5 Qxb5 25. Qd4 Rfc8 26. R3d2 Qb7 27. Qb2 Kg8 28. Ne1 Ne4 29. Rc2 Nc3 30. Rd3 Qc7 31. Nf3 e5 32. b4 Rc4 33. Ne1 d5 34. e3 Na4 0-1

[Event "EU-ch Seniors 50 19th"]
[Site "Rhodes"]
[Date "2019.04.10"]
[Round "5"]
[White "Bruno, Fabio"]
[Black "Pavlovic, Milos"]
[Result "1/2-1/2"]
[WhiteElo "2433"]
[BlackElo "2492"]
[PlyCount "121"]
[EventDate "2019.04.06"]
[EventType "swiss"]
[EventRounds "9"]
[EventCountry "GRE"]
[SourceTitle "CBM 189 Extra"]
[Source "ChessBase"]
[SourceDate "2019.06.03"]
[SourceVersion "1"]
[SourceVersionDate "2019.06.03"]
[SourceQuality "1"]

1. d4 Nf6 2. Nf3 e6 3. e3 d6 4. c4 g6 5. Nc3 Bg7 6. Be2 0-0 7. 0-0 c5 8. b3 b6 9. Bb2 Bb7 10. Qc2 Qe7 11. Rad1 Nc6 12. Rfe1 Rfd8 13. Qb1 cxd4 14. exd4 d5 15. cxd5 Nxd5 16. Nxd5 exd5 17. Bf1 Qd6 18. Re3 Bc8 19. Ne5 Bf5 20. Bd3 Bxd3 21. Qxd3 Rac8 22. a3 Qc7 23. Re2 Re8 24. Rde1 f6 25. Nf3 Rxe2 26. Qxe2 Qd7 27. Bc3 Bf8 28. a4 Nd8 29. Bd2 Nf7 30. Qa6 Nd6 31. Bb4 Ne4 32. Bxf8 Kxf8 33. h3 Rc3 34. a5 Rxb3 35. Rc1 Kg7 36. axb6 Rxb6 37. Qa5 g5 38. Nh2 Kg6 39. Ng4 Rb5 40. Qa6 Rb6 41. Qa5 Qb7 42. Qa4 Re6 43. Qc2 h5 44. Ne3 f5 45. Nxf5 Kxf5 46. f3 Kg6 47. fxe4 dxe4 48. Qc4 Qd7 49. d5 Re7 50. Qd4 Qf5 51. Rc6+ Kh7 52. Rf6 Qe5 53. Qxe5 Rxe5 54. Rd6 e3 55. Kf1 e2+ 56. Ke1 a5 57. Rd8 Kg7 58. d6 Kf7 59. d7 Rd5 60. Ra8 Rxd7 61. Rxa5 1/2-1/2

[Event "EU-ch Seniors 50 19th"]
[Site "Rhodes"]
[Date "2019.04.09"]
[Round "4"]
[White "Arkell, Keith C"]
[Black "Bruno, Fabio"]
[Result "0-1"]
[WhiteElo "2467"]
[BlackElo "2433"]
[PlyCount "82"]
[EventDate "2019.04.06"]
[EventType "swiss"]
[EventRounds "9"]
[EventCountry "GRE"]
[SourceTitle "CBM 189 Extra"]
[Source "ChessBase"]
[SourceDate "2019.06.03"]
[SourceVersion "1"]
[SourceVersionDate "2019.06.03"]
[SourceQuality "1"]

1. d4 d5 2. Nf3 Nf6 3. c4 c6 4. Nbd2 Bf5 5. g3 h6 6. Bg2 e6 7. 0-0 Nbd7 8. b3 Bd6 9. Bb2 0-0 10. Ne5 Qe7 11. Re1 Rfd8 12. e3 Bh7 13. h3 Bb4 14. a3 Bxd2 15. Qxd2 Nxe5 16. dxe5 Ne4 17. Qe2 dxc4 18. Qxc4 Nd2 19. Qb4 Qxb4 20. axb4 a6 21. Bc3 Be4 22. Red1 Nf3+ 23. Bxf3 Bxf3 24. Rd4 Rxd4 25. Bxd4 Rd8 26. Kf1 h5 27. h4 Kh7 28. Ke1 Kg6 29. Ra2 Kf5 30. Rd2 Ke4 31. Rc2 f6 32. Rc5 b6 33. Rc1 c5 34. bxc5 fxe5 35. Bc3 bxc5 36. Bd2 Rb8 37. Rxc5 Rxb3 38. Bc3 Kd3 39. Bd2 a5 40. Rc1 a4 41. Ra1 a3 0-1

[Event "EU-ch Seniors 50 19th"]
[Site "Rhodes"]
[Date "2019.04.07"]
[Round "2"]
[White "Krasenkova, Ilena"]
[Black "Bruno, Fabio"]
[Result "1/2-1/2"]
[WhiteElo "2160"]
[BlackElo "2433"]
[PlyCount "133"]
[EventDate "2019.04.06"]
[EventType "swiss"]
[EventRounds "9"]
[EventCountry "GRE"]
[SourceTitle "CBM 189 Extra"]
[Source "ChessBase"]
[SourceDate "2019.06.03"]
[SourceVersion "1"]
[SourceVersionDate "2019.06.03"]
[SourceQuality "1"]

1. d4 d5 2. Nf3 Nf6 3. Bf4 c5 4. e3 Nc6 5. c3 Qb6 6. Qc1 Bf5 7. Nbd2 Rc8 8. dxc5 Qxc5 9. Nb3 Qb6 10. Nbd4 Nxd4 11. Nxd4 Bd7 12. Be2 g6 13. 0-0 Bg7 14. Be5 0-0 15. a4 a6 16. Qc2 Ne4 17. a5 Qc5 18. Nb3 Qa7 19. Bxg7 Kxg7 20. Qd1 Nf6 21. Qd4 Qb8 22. f4 Rfe8 23. Nc5 Bc6 24. f5 Qd6 25. b4 Kg8 26. Rad1 Red8 27. Rf3 Rc7 28. Rdf1 g5 29. h4 gxh4 30. Qxh4 Kh8 31. Qd4 Rg8 32. Rh3 Rg5 33. Rf4 Kg8 34. Rh6 Rg7 35. Bf1 Bd7 36. Bd3 Bc8 37. Be2 Bd7 38. Bf1 Bc6 39. Be2 Rc8 40. Bf1 Rd8 41. Nd3 Bb5 42. Ne5 Bxf1 43. Rxf1 Qc7 44. Rh4 Ne4 45. f6 exf6 46. Ng4 Qg3 47. Nh6+ Kf8 48. Rh2 Qc7 49. Nf5 Ng3 50. Qxf6 Nxf5 51. Rxf5 Qe7 52. Qd4 Qe6 53. Rf6 Qe4 54. Qc5+ Kg8 55. Qb6 Re8 56. Rf4 Qxe3+ 57. Qxe3 Rxe3 58. Rh5 Rxc3 59. Rxd5 Rc1+ 60. Kh2 Rg6 61. Rd8+ Kg7 62. Rd7 Rh6+ 63. Kg3 Rc3+ 64. Kf2 Rc2+ 65. Kf3 Rc3+ 66. Kf2 Rc2+ 67. Kf3 1/2-1/2

[Event "Porto San Giorgio op 28th"]
[Site "Porto San Giorgio"]
[Date "2018.08.27"]
[Round "5"]
[White "Bruno, Fabio"]
[Black "Marzano, Carlo"]
[Result "1-0"]
[WhiteElo "2438"]
[BlackElo "2236"]
[PlyCount "127"]
[EventDate "2018.08.24"]
[EventType "swiss"]
[EventRounds "9"]
[EventCountry "ITA"]
[SourceTitle "CBM 186 Extra"]
[Source "ChessBase"]
[SourceDate "2018.08.24"]
[SourceVersion "1"]
[SourceVersionDate "2018.08.24"]
[SourceQuality "1"]

1. d4 d5 2. Nf3 Nf6 3. c4 dxc4 4. e3 a6 5. Bxc4 e6 6. 0-0 b5 7. Be2 Bb7 8. a4 b4 9. Ne5 c5 10. Nd2 Nbd7 11. Ndc4 Qc7 12. a5 Be7 13. Qa4 0-0 14. Bd2 cxd4 15. exd4 Nxe5 16. Nxe5 Qd6 17. Rfd1 Nd5 18. Qb3 Rac8 19. Bf3 Rc7 20. Nd3 Rb8 21. Nc5 Qd8 22. Nxb7 Rbxb7 23. Be2 Qd6 24. Bc4 Bf6 25. Qd3 Rc6 26. g3 h5 27. h4 g6 28. Be1 Kg7 29. Ra4 Be7 30. Bd2 Qd7 31. Raa1 Qd6 32. Rdc1 Rbc7 33. b3 Rb7 34. Rc2 Rbc7 35. Rac1 Bf6 36. Rd1 Be7 37. Rcc1 Bf6 38. Ra1 Be7 39. Ra4 Rb7 40. Ra2 Rbc7 41. Be1 Rb7 42. Rc2 Rbc7 43. Re2 Bf6 44. Bd2 Rb7 45. Re4 Rd7 46. Rde1 Rdc7 47. Qf3 Bd8 48. Re5 Rd7 49. Bxd5 exd5 50. Qe3 g5 51. hxg5 Qg6 52. Bxb4 Bc7 53. Re7 Qf5 54. Rxd7 Qxd7 55. Qf3 Re6 56. Qxh5 Rxe1+ 57. Bxe1 Qc6 58. Qh6+ Kg8 59. Qf6 Qc1 60. Kg2 Qc2 61. Qd8+ Kg7 62. Qe8 Qxb3 63. g6 Kxg6 64. Qc6+ 1-0

[Event "EU-chT Seniors 50"]
[Site "Walbrzych"]
[Date "2018.04.17"]
[Round "4.4"]
[White "Fatalibekova, Elena"]
[Black "Bruno, Fabio"]
[Result "0-1"]
[WhiteElo "2195"]
[BlackElo "2439"]
[PlyCount "52"]
[EventDate "2018.04.14"]
[EventType "team-swiss"]
[EventRounds "9"]
[EventCountry "POL"]
[SourceTitle "CBM 184 Extra"]
[Source "ChessBase"]
[SourceDate "2018.06.28"]
[SourceVersion "1"]
[SourceVersionDate "2018.06.28"]
[SourceQuality "1"]
[WhiteTeam "Russia (Women) 50"]
[BlackTeam "Italy 50"]
[WhiteTeamCountry "RUS"]
[BlackTeamCountry "ITA"]

1. Nf3 e6 2. d4 d5 3. c4 c6 4. Qc2 Nf6 5. g3 dxc4 6. Qxc4 b5 7. Qc2 Bb7 8. Bg2 Nbd7 9. 0-0 c5 10. dxc5 Bxc5 11. Nc3 Rc8 12. Qd3 a6 13. Ng5 Bxg2 14. Kxg2 0-0 15. Nce4 h6 16. Nf3 Qb6 17. b3 Qb7 18. Nxf6+ Nxf6 19. Bb2 Rfd8 20. Qb1 Ne4 21. Kg1 Bb6 22. a4 Nd2 23. Nxd2 Rxd2 24. axb5 axb5 25. Bc1 Rxe2 26. Bf4 Qf3 0-1

[Event "Porto Sant Elpidio op 20th"]
[Site "Porto Sant Elpidio"]
[Date "2017.11.26"]
[Round "4.1"]
[White "Luciani, Valerio"]
[Black "Bruno, Fabio"]
[Result "1/2-1/2"]
[WhiteElo "2246"]
[BlackElo "2429"]
[PlyCount "99"]
[EventDate "2017.11.24"]
[EventType "swiss"]
[EventRounds "5"]
[EventCountry "ITA"]
[SourceTitle "EXT 2024"]
[Source "ChessBase"]
[SourceDate "2023.10.10"]
[SourceVersion "1"]
[SourceVersionDate "2023.10.10"]
[SourceQuality "1"]

1. d4 Nf6 2. Nf3 e6 3. Nbd2 d5 4. e3 Bd6 5. Bd3 c5 6. c3 Nc6 7. 0-0 0-0 8. dxc5 Bxc5 9. e4 Bb6 10. Qe2 h6 11. Bc2 Qc7 12. h3 Bd7 13. e5 Nh5 14. Qd3 f5 15. exf6 Rxf6 16. Qh7+ Kf7 17. Ng5+ Ke7 18. Ndf3 Be8 19. Kh1 Ne5 20. Nxe5 Qxe5 21. Nf3 Rxf3 22. gxf3 Ng3+ 23. fxg3 Qxg3 24. Bf4 Qxf4 25. Qxg7+ Kd6 26. Qg4 Qf6 27. f4 Bb5 28. f5 Bxf1 29. Rxf1 Rf8 30. Qb4+ Kc7 31. Re1 exf5 32. Re7+ Kd8 33. Rxb7 Bc7 34. Rxa7 Qd6 35. Ra8+ Ke7 36. Qxd6+ Bxd6 37. Rxf8 Kxf8 38. Bxf5 Bf4 39. Be6 Bc1 40. b3 Bb2 41. Bxd5 Bxc3 42. Kg2 Ke7 43. Kf3 Kd6 44. Ke4 Bb2 45. Bg8 Kc5 46. Bh7 Kb4 47. Kd5 Bc3 48. Bc2 Ka3 49. Kc4 Bb4 50. Bf5 1/2-1/2

[Event "Arco op-A 39th"]
[Site "Arco"]
[Date "2017.10.14"]
[Round "8"]
[White "Bruno, Fabio"]
[Black "De Santis, Alessio"]
[Result "0-1"]
[WhiteElo "2449"]
[BlackElo "2162"]
[PlyCount "170"]
[EventDate "2017.10.07"]
[EventType "swiss"]
[EventRounds "9"]
[EventCountry "ITA"]
[SourceTitle "CBM 181 Extra"]
[Source "ChessBase"]
[SourceDate "2017.12.12"]
[SourceVersion "1"]
[SourceVersionDate "2017.12.12"]
[SourceQuality "1"]

1. Nf3 Nf6 2. c4 e6 3. g3 b6 4. Bg2 Bb7 5. 0-0 Be7 6. d4 d6 7. b3 Nbd7 8. Bb2 0-0 9. Nc3 Ne4 10. d5 Nxc3 11. Bxc3 Bf6 12. Nd4 Bxd4 13. Qxd4 e5 14. Qd2 f5 15. Qb2 Qe7 16. b4 Nf6 17. e3 Ba6 18. Qb3 Qf7 19. Rfe1 Ne4 20. Bb2 c5 21. f3 Nf6 22. bxc5 bxc5 23. Qa4 Bc8 24. Bc3 Qe8 25. Qa5 Qd8 26. Qa3 Qb6 27. Reb1 Qa6 28. Qb3 Nd7 29. Bf1 Rb8 30. Qc2 Rxb1 31. Rxb1 Nb6 32. f4 e4 33. h3 Bd7 34. g4 fxg4 35. hxg4 Bxg4 36. Qxe4 Qa3 37. Rb3 Qc1 38. Bb2 Qe1 39. Qg2 h5 40. Qf2 Qxf2+ 41. Kxf2 g5 42. Kg3 Bd1 43. Ra3 gxf4+ 44. exf4 h4+ 45. Kg2 Rxf4 46. Bc1 Rg4+ 47. Kf2 Nxc4 48. Rxa7 Ne5 49. Ra8+ Kf7 50. Be3 Ra4 51. Rxa4 Bxa4 52. Bg5 Bc2 53. Bh3 Nc4 54. Bxh4 Be4 55. Be6+ Ke8 56. Ke2 Bb1 57. Kd1 Bxa2 58. Bg3 Kd8 59. Kc1 Kc7 60. Be1 Nb6 61. Ba5 Kb7 62. Kc2 Bxd5 63. Bh3 Be4+ 64. Kc1 d5 65. Be1 Kc6 66. Bf1 d4 67. Ba5 Nd5 68. Kd2 Ne3 69. Be2 Bd5 70. Bd8 Be4 71. Bg5 Nf5 72. Bc4 Nd6 73. Bg8 Bd5 74. Bh7 Ne4+ 75. Bxe4 Bxe4 76. Bf6 Kd5 77. Be7 c4 78. Bb4 Kc6 79. Bf8 c3+ 80. Kc1 d3 81. Bh6 Bf3 82. Bg5 Kd5 83. Bh6 Ke4 84. Bg5 Kf5 85. Be3 Kg4 0-1

[Event "Arco op-A 39th"]
[Site "Arco"]
[Date "2017.10.08"]
[Round "2"]
[White "Bruno, Fabio"]
[Black "Gulacsi, Donat Ferenc"]
[Result "1-0"]
[WhiteElo "2449"]
[BlackElo "1436"]
[PlyCount "53"]
[EventDate "2017.10.07"]
[EventType "swiss"]
[EventRounds "9"]
[EventCountry "ITA"]
[SourceTitle "CBM 181 Extra"]
[Source "ChessBase"]
[SourceDate "2017.12.12"]
[SourceVersion "1"]
[SourceVersionDate "2017.12.12"]
[SourceQuality "1"]

1. d4 d5 2. Bf4 c5 3. e3 Nf6 4. c3 Nc6 5. Nd2 Bg4 6. Ngf3 Nh5 7. Be5 f5 8. Qa4 Bxf3 9. Nxf3 e6 10. Bb5 Qb6 11. dxc5 Bxc5 12. b4 Be7 13. Nd4 Kd7 14. c4 a6 15. Bxc6+ bxc6 16. 0-0 Rhc8 17. a3 Bf6 18. Nf3 a5 19. cxd5 exd5 20. Rad1 Ke6 21. Bxf6 Nxf6 22. Nd4+ Ke5 23. Qc2 g6 24. Qb2 c5 25. f4+ Kd6 26. bxc5+ Qxc5 27. Rc1 1-0

[Event "EU-chT Seniors 50"]
[Site "Novi Sad"]
[Date "2017.06.30"]
[Round "6.4"]
[White "Bruno, Fabio"]
[Black "Arsovic, Zoran"]
[Result "0-1"]
[WhiteElo "2427"]
[BlackElo "2422"]
[PlyCount "116"]
[EventDate "2017.06.25"]
[EventType "team-tourn"]
[EventRounds "9"]
[EventCountry "SRB"]
[SourceTitle "CBM 179 Extra"]
[Source "ChessBase"]
[SourceDate "2017.08.23"]
[SourceVersion "1"]
[SourceVersionDate "2017.08.23"]
[SourceQuality "1"]
[WhiteTeam "Italy 50"]
[BlackTeam "Serbia 50"]
[WhiteTeamCountry "ITA"]
[BlackTeamCountry "SRB"]

1. d4 Nf6 2. Nf3 g6 3. c3 Bg7 4. Bf4 0-0 5. Nbd2 d6 6. h3 c5 7. dxc5 Nd5 8. Bh2 dxc5 9. e4 Nb6 10. Be2 Nc6 11. 0-0 e5 12. a4 Be6 13. a5 Nc8 14. a6 b6 15. Bb5 N8e7 16. Qe2 Qc7 17. Ng5 Bd7 18. Rfd1 h6 19. Ngf3 Rad8 20. Nc4 Be6 21. Bg3 f6 22. Ne3 Kh7 23. Nd2 h5 24. Bc4 Bc8 25. Nd5 Nxd5 26. Bxd5 Ne7 27. Bc4 Bh6 28. Nf1 Kg7 29. Ne3 Qc6 30. Nd5 Nxd5 31. Bxd5 Qc7 32. f3 Rfe8 33. Bf2 Kh7 34. Qc4 Qe7 35. Rd3 Rd6 36. Rad1 Kg7 37. b4 cxb4 38. cxb4 b5 39. Qb3 Rxa6 40. Bc5 Qc7 41. Rc3 Kh7 42. Kh1 Qg7 43. Rcd3 Rd8 44. Kg1 Bf4 45. Kf2 f5 46. g3 Bh6 47. Kg2 Rf6 48. Qa2 a6 49. Bb3 Rxd3 50. Rxd3 fxe4 51. fxe4 Qb7 52. Bg8+ Kg7 53. Bd5 Qd7 54. g4 hxg4 55. hxg4 Qxg4+ 56. Rg3 Qd1 57. Bf2 Bg4 58. Qb3 Qe2 0-1

[Event "EU-chT Seniors 50"]
[Site "Novi Sad"]
[Date "2017.06.29"]
[Round "5.1"]
[White "Radic, Zvonimir"]
[Black "Bruno, Fabio"]
[Result "1/2-1/2"]
[WhiteElo "2166"]
[BlackElo "2427"]
[PlyCount "59"]
[EventDate "2017.06.25"]
[EventType "team-tourn"]
[EventRounds "9"]
[EventCountry "SRB"]
[SourceTitle "CBM 179 Extra"]
[Source "ChessBase"]
[SourceDate "2017.08.23"]
[SourceVersion "1"]
[SourceVersionDate "2017.08.23"]
[SourceQuality "1"]
[WhiteTeam "Serbia Srbobran 50"]
[BlackTeam "Italy 50"]
[WhiteTeamCountry "SRB"]
[BlackTeamCountry "ITA"]

1. d4 Nf6 2. Nc3 d5 3. Bf4 e6 4. e3 a6 5. a3 c5 6. Nf3 Nc6 7. h3 b5 8. Ne5 Bb7 9. Be2 Be7 10. 0-0 0-0 11. a4 b4 12. Nb1 cxd4 13. exd4 Qb6 14. Nxc6 Bxc6 15. a5 Qb7 16. Nd2 Bb5 17. Nb3 Nd7 18. Bd3 Rac8 19. Qe2 Bc4 20. Rfc1 Rc6 21. Bxc4 Rxc4 22. Nd2 Rc6 23. c4 bxc3 24. bxc3 Rfc8 25. c4 Bf6 26. Rab1 Qa7 27. Be5 Nxe5 28. dxe5 Bg5 29. Rd1 Bxd2 30. cxd5 1/2-1/2

[Event "EU-chT Seniors 50"]
[Site "Novi Sad"]
[Date "2017.06.28"]
[Round "4.3"]
[White "Bruno, Fabio"]
[Black "Petrovic, Tatjana"]
[Result "1-0"]
[WhiteElo "2427"]
[BlackElo "1707"]
[PlyCount "79"]
[EventDate "2017.06.25"]
[EventType "team-tourn"]
[EventRounds "9"]
[EventCountry "SRB"]
[SourceTitle "CBM 179 Extra"]
[Source "ChessBase"]
[SourceDate "2017.08.23"]
[SourceVersion "1"]
[SourceVersionDate "2017.08.23"]
[SourceQuality "1"]
[WhiteTeam "Italy 50"]
[BlackTeam "Serbia Jugovic 50"]
[WhiteTeamCountry "ITA"]
[BlackTeamCountry "SRB"]

1. d4 d5 2. Nf3 Nc6 3. Bf4 e6 4. e3 a6 5. c4 dxc4 6. Bxc4 b5 7. Bd3 Bb7 8. Nbd2 Bd6 9. Bg3 Bxg3 10. hxg3 Nf6 11. Rc1 Nb4 12. Bb1 Rc8 13. a3 Nbd5 14. Nb3 Nb6 15. Nc5 Rb8 16. Bd3 Nbd7 17. Nxb7 Rxb7 18. Qd2 h6 19. e4 Qe7 20. Qa5 Nb8 21. 0-0 0-0 22. Qe1 Rc8 23. e5 Nd5 24. Nd2 Rb6 25. Qe4 f5 26. exf6 Nxf6 27. Qe2 Qd6 28. Rfd1 Rc6 29. Ne4 Nxe4 30. Qxe4 Rxc1 31. Rxc1 Qd7 32. Re1 Re8 33. Qh7+ Kf8 34. Bg6 Rd8 35. Qh8+ Ke7 36. Qxg7+ Kd6 37. Qe5+ Ke7 38. Bf5 Nc6 39. Qxe6+ Qxe6 40. Rxe6+ 1-0

[Event "Forni di Sopra op 8th"]
[Site "Forni di Sopra"]
[Date "2017.06.14"]
[Round "6"]
[White "Basso, Pier Luigi"]
[Black "Bruno, Fabio"]
[Result "0-1"]
[WhiteElo "2448"]
[BlackElo "2427"]
[PlyCount "126"]
[EventDate "2017.06.10"]
[EventType "swiss"]
[EventRounds "9"]
[EventCountry "ITA"]
[SourceTitle "CBM 179 Extra"]
[Source "ChessBase"]
[SourceDate "2017.08.23"]
[SourceVersion "1"]
[SourceVersionDate "2017.08.23"]
[SourceQuality "1"]

1. d4 e6 2. c4 f5 3. g3 Nf6 4. Bg2 c6 5. Nf3 d5 6. 0-0 Bd6 7. Nc3 0-0 8. Qc2 Ne4 9. Rb1 Bd7 10. b4 a6 11. a4 Be8 12. b5 axb5 13. axb5 Nd7 14. Nxe4 fxe4 15. Ng5 Rf6 16. bxc6 bxc6 17. c5 Be7 18. f4 h6 19. Nh3 Rf7 20. Be3 Nf8 21. Ra1 Bf6 22. Qc3 Rfa7 23. Rxa7 Rxa7 24. Ra1 Rb7 25. Bd2 Rb3 26. Qxb3 Bxd4+ 27. e3 Bxa1 28. Nf2 Qf6 29. Nd1 Qe7 30. Qb8 Bf6 31. Bb4 Qd8 32. Qb7 Bd7 33. Nc3 Qe8 34. Bf1 e5 35. fxe5 Bxe5 36. Ne2 Qh5 37. Be1 Qf3 38. Bf2 Qf7 39. Be1 Ne6 40. Qa8+ Kh7 41. Qa7 Ng5 42. Bg2 Qe8 43. Bc3 Bxc3 44. Nxc3 Bg4 45. h4 Qe5 46. Qa3 Nf7 47. Kh2 Qf6 48. Qb2 Ne5 49. Qc2 Kh8 50. Kg1 Nd3 51. Kh2 Qe5 52. Na4 Qa1 53. Qb3 Qe1 54. Qb8+ Kh7 55. Qe8 Qf2 56. h5 Bf5 57. Kh1 Qxg3 58. Qf7 Qe1+ 59. Kh2 Qh4+ 60. Kg1 Qf2+ 61. Kh1 Ne1 62. Bh3 Qf3+ 63. Kg1 Qxe3+ 0-1

[Event "Wch Seniors 50 26th"]
[Site "Marianske Lazne"]
[Date "2016.11.26"]
[Round "7"]
[White "Bruno, Fabio"]
[Black "Konopka, Michal"]
[Result "1-0"]
[WhiteElo "2435"]
[BlackElo "2396"]
[PlyCount "45"]
[EventDate "2016.11.19"]
[EventType "swiss"]
[EventRounds "11"]
[EventCountry "CZE"]
[SourceTitle "CBM 175 Extra"]
[Source "ChessBase"]
[SourceDate "2016.12.12"]
[SourceVersion "1"]
[SourceVersionDate "2016.12.12"]
[SourceQuality "1"]

1. d4 Nf6 2. Nf3 g6 3. c4 Bg7 4. Nc3 d5 5. cxd5 Nxd5 6. Bg5 c5 7. Rc1 Nxc3 8. bxc3 cxd4 9. cxd4 0-0 10. e3 Be6 11. Qa4 Nc6 12. Be2 Qd7 13. Qa3 Bd5 14. 0-0 Rfc8 15. Bf4 Bf8 16. Qb2 Nd8 17. Bb5 Qe6 18. Ne5 Rxc1 19. Rxc1 f6 20. Nd3 a6 21. Ba4 Rc8 22. Nc5 Qg4 23. f3 1-0

[Event "Wch Seniors 50 26th"]
[Site "Marianske Lazne"]
[Date "2016.11.23"]
[Round "5"]
[White "Bruno, Fabio"]
[Black "Chudinovskikh, Alexander M"]
[Result "1/2-1/2"]
[WhiteElo "2435"]
[BlackElo "2219"]
[PlyCount "24"]
[EventDate "2016.11.19"]
[EventType "swiss"]
[EventRounds "11"]
[EventCountry "CZE"]
[SourceTitle "CBM 175 Extra"]
[Source "ChessBase"]
[SourceDate "2016.12.12"]
[SourceVersion "1"]
[SourceVersionDate "2016.12.12"]
[SourceQuality "1"]

1. c4 c5 2. g3 g6 3. Bg2 Bg7 4. Nc3 Nc6 5. a3 Nf6 6. e3 e6 7. Nge2 0-0 8. Nf4 g5 9. Nh5 Nxh5 10. Qxh5 f5 11. f4 gxf4 12. gxf4 d6 1/2-1/2

[Event "Arco op 38th"]
[Site "Arco"]
[Date "2016.10.13"]
[Round "6"]
[White "Bruno, Fabio"]
[Black "Marzano, Carlo"]
[Result "1-0"]
[WhiteElo "2448"]
[BlackElo "2230"]
[PlyCount "109"]
[EventDate "2016.10.08"]
[EventType "swiss"]
[EventRounds "9"]
[EventCountry "ITA"]
[SourceTitle "EXT 2017"]
[Source "ChessBase"]
[SourceDate "2016.10.25"]
[SourceVersion "1"]
[SourceVersionDate "2016.10.25"]
[SourceQuality "1"]

1. d4 d5 2. c4 c6 3. Nf3 Nf6 4. Nc3 a6 5. c5 Nbd7 6. Bf4 Nh5 7. Bd2 Nhf6 8. Rc1 g6 9. h3 Bg7 10. Bf4 0-0 11. e3 Ne8 12. Be2 Nc7 13. 0-0 Re8 14. Bg5 f6 15. Bh4 g5 16. Bg3 e5 17. dxe5 fxe5 18. e4 d4 19. Na4 h6 20. h4 Bf6 21. hxg5 hxg5 22. Ne1 Ne6 23. Bg4 Qe7 24. Nd3 Kg7 25. Bf5 Rh8 26. Qg4 Nf4 27. Bh2 Qf7 28. b3 Qh5 29. Qxh5 Rxh5 30. Bxf4 gxf4 31. g4 fxg3 32. fxg3 Rb8 33. Kg2 Nf8 34. Bxc8 Rxc8 35. Nb6 Rc7 36. Nc4 Kg6 37. Rh1 Rxh1 38. Rxh1 Re7 39. b4 Nh7 40. Nd6 Ng5 41. Kf2 Rd7 42. Ke2 b5 43. a4 bxa4 44. Nf2 a5 45. bxa5 Ra7 46. Nc4 Ne6 47. Nd3 Ng5 48. Ndxe5+ Kg7 49. Nxc6 Rc7 50. e5 Rxc6 51. exf6+ Rxf6 52. Nd6 Re6+ 53. Kd3 Nf3 54. a6 Re7 55. Nf5+ 1-0